| 000 | 00942cas a2200229 a 4500 | ||
|---|---|---|---|
| 999 |
_c17023 _d17023 |
||
| 005 | 20180629152542.0 | ||
| 008 | 880317d19862008ck uu p 0 0spa c | ||
| 022 |
_a0120-8195 _221 |
||
| 040 |
_aGZM _cGZM _dHUL _dDLC _dSYS _dOCLCQ _dGBVCP _dOCLCQ _dOCLCF _dHLS _dGZM _dOCLCA _dCO-BoIAVH |
||
| 041 | 0 | _aspa | |
| 044 | _ack | ||
| 090 | _aSE | ||
| 245 | 0 | 0 |
_aNueva revista colombiana de folclor / _cPatronato Colombiano de Artes y Ciencias. |
| 260 |
_aBogotá (Colombia) : _bPatronato Colombiano de Artes y Ciencias. _c1986-. |
||
| 300 |
_bilustraciones ; _c25 cm |
||
| 650 | 2 | 6 |
_aFolklore _zColombia _vPublicaciones periódicas |
| 650 | 2 | 6 |
_aCostumbres y tradiciones _zColombia _xPublicaciones periódicas |
| 710 | 2 | _aPatronato Colombiano de Artes y Ciencias | |
| 780 | 0 | 0 |
_tRevista colombiana de folclor _w(DLC) 50001950 _w(OCoLC)6546670 |
| 785 | 0 | 0 |
_tFolclor colombiano _w(DLC) 2014235016 _w(OCoLC)892078182 |
| 942 |
_2z _cREVISTA |
||